000 00987nam a22002537a 4500
005 20240530110626.0
008 170104s2015 ua f b 000 0 ara d
017 _a2014/17994
_bمصر. دار الكتب
020 _a9789773191986
040 _aEG-CaGPL
_cEG-CaGPL
082 0 4 _221
_a071.962
_bق/ر ص
100 0 _aرامى عطا صديق
245 1 2 _aالصحافة الاقليمية :
_bالماضى الحاضر المستقبل : دراسة حالة على مصر /
_cرامى عطا صديق
250 _aط. 1
260 _aالقاهرة :
_bالعربى للنشر و التوزيع ،
_c2015.
300 _a208 ص. :
_bايض ؛
_c24 سم.
504 _aيشتمل على ارجاعات ببليوجرافية
650 0 7 _2qrmak
_aالصحافة
_xتاريخ
_zمصر
650 0 7 _2qrmak
_aالاخلاق الصحفية
650 0 7 _2qrmak
_aالصحافة المصرية
651 _2qrmak
942 _2ddc
_cBK
999 _c63158
_d63158